000
00326nam a22001457a 4500
008
210531b ||||| |||| 00| 0 eng d
020
_a
070546177
041
_a
eng
080
_a
004
082
_a
004
100
_a
28
101
_a
SHKI
245
_a
Computers in Business An Introduction
_c
Sanders,D.H
942
_2
udc
_c
BK
999
_c
57835
_d
57835